00606nam a2200193Ia 4500003000400000005001700004008004100021020002200062040000700084041000800091082001600099100003300115245016300148260004400311300001400355365001300369650001500382650001500397OSt20230518090721.0210423s2016 xx 000 0 und d a978-93-5173-061-3 cAL aeng a657.46 MEHI aMEHROTRA (H C);AGARWAL (V P) aIndirect taxes: central excise duty customs act 1962 central sales tax act 1956 service tax value added tax(VAT)bRevised on the basis of the finance act 2016 aAgrabSahitya Bhawan Publicationsc2016 a4,354bPB b240cINR aAccounting aIncome Tax